000
00253nam a22001097a 4500
082
_a
684.08 GLE'C
100
_a
GLENISTER, S. H
_9
44994
245
_a
CONTEMPORARY DESIGN IN WOODWORK
250
_a
VOL-1
260
_a
USA
_b
JOHN MURRAY
_c
1960
942
_c
BK
999
_c
582632
_d
582632